000 02190nam a2200397 a 4500
005 20200104041749.0
008 151109b2016 ck abdofr||||f00| 0 spa d
020 _a9789588889740 (impreso)
020 _a9789588889757 (digital)
040 _aCO-BoIAVH
_cCO-BoIAVH
041 0 _aspa
044 _ack
082 0 4 _a578.098613
_bC36b1
245 1 0 _aCatálogo de la biodiversidad para las regiones andina, pacífica y piedemonte amazónico.
_bNivel local. Volumen 2 Tomo 2 /
_ceditado por Javier C. Barriga, Angélica Díaz-Pulido, Marcela Santamaría y Hernando García
250 _aPrimera edición
260 _aBogotá, Colombia :
_bInstituto de Investigación de Recursos Biológicos Alexander von Humboldt :
_bEcopetrol,
_c2016.
300 _a423 páginas :
_bilustraciones, mapas, tablas y fotografías a color ;
_c28 x 22 cm.
490 0 _aSerie planeación ambiental para la conservación de la biodiversidad en las áreas operativas de Ecopetrol
504 _aIncluye referencias bibliográficas: páginas 420-421.
505 0 _aParte 3: Identificación de áreas de estudio y biodiversidad regional. Parte 4: Biodiversidad local. Parte 5: Descripción de algunos cuerpos de agua ubicados en la región andina y su riqueza de algas y macroinvertebrados.
650 2 6 _aBiodiversidad
_zAndina (Región, Colombia)
650 2 6 _aBiodiversidad
_zPacífica (Región, Colombia)
650 2 6 _aBiodiversidad
_zPiedemonte amazónico (Región, Colombia)
650 2 6 _aBiodiversidad
_vCatálogo
_zAndina (Región, Colombia)
650 2 6 _aBiodiversidad
_vCatálogo
_zPacífica (Región, Colombia)
650 2 6 _aBiodiversidad
_vCatálogo
_zPiedemonte amazónico (Región, Colombia)
650 2 6 _aBiodiversidad
_xconservación
650 2 6 _aFlora
_vespecies
650 2 6 _aFauna
_vespecies
700 1 _aBarriga, Javier C.
_eeditor
700 1 _aDíaz-Pulido, Angélica
_eeditora
700 1 _aSantamaría, Marcela
_eeditora
700 1 _aGarcía, Hernando
_eeditor
710 2 _aInstituto de Investigación de Recursos Biológicos Alexander von Humboldt
942 _2ddc
_cLIBRO
_03
999 _c18949
_d18949